Vista normal
Vista MARC
- Witker, Rodrigo
Entrada Personal Name
Número de registros utilizados en: 1
001 - CONTROL NUMBER
- control field: 20906
003 - CONTROL NUMBER IDENTIFIER
- control field: OSt
005 - DATE AND TIME OF LATEST TRANSACTION
- control field: 20160916113050.0
008 - FIXED-LENGTH DATA ELEMENTS
- fixed length control field: 160916|| aca||aabn | a|a d
040 ## - CATALOGING SOURCE
- Original cataloging agency: OSt
- Transcribing agency: OSt
100 ## - HEADING--PERSONAL NAME
- Personal name: Witker, Rodrigo
670 ## - SOURCE DATA FOUND
- Source citation: Work cat.: (OSt)807: Witker, Rodrigo, Los museos